000 00919nam0a22002531 4500
001 rc\2803997
005 20250806210444.0
035 _a(NLR Aleph) 006929982
090 _a35655
_c35655
100 _a20110915d1944 u y0rusy50 ca
101 0 _arus
102 _aRU
105 _aa z |||||
200 1 _aИспользование поношенного платья для пошивки нового
_fА. К. Эпштейн
210 _a[Москва]
_cГизлегпром
_d1944
_gтип. Упр. делами при СНК СССР
215 _a32 с., без тит. л.
_cил., черт.
_d20 см.
700 1 _aЭпштейн
_bА.К.
_gАлександр Константинович
801 0 _aRU
_bNLR
_gpsbo
801 1 _aRU
_bELAR
_2rusmarc
852 _aNLR
_jТ56 Г-4/65
942 _cBOOK
945 _aРоссийская национальная библиотека
980 _aNB
980 _aBV